| 000 | 00432nam a22001457a 4500 | ||
|---|---|---|---|
| 020 | _a0132145103 | ||
| 082 |
_a621.38153 _bMAN _cL-10, P-66 |
||
| 100 |
_aMano, M. Morris _936506 |
||
| 245 |
_aDigital Logic and computer Design _cMano, M. Morris |
||
| 260 |
_aCalifornia _bPrentice Hall, Inc., _c1979 |
||
| 300 |
_aviii, 606 p. : _bill, _c24 cm. |
||
| 526 |
_a0 _b0 _c0 _d621_381530000000000_MAN |
||
| 650 |
_aMCE _9379 |
||
| 942 |
_2ddc _cBK |
||
| 999 |
_c545757 _d545757 |
||